Human rights and poverty in India : theoretical issues and empirical evidences / (Record no. 136361)
[ view plain ]
| 000 -LEADER | |
|---|---|
| fixed length control field | 00861nam a2200241 4500 |
| 003 - CONTROL NUMBER IDENTIFIER | |
| control field | dpl |
| 005 - DATE AND TIME OF LATEST TRANSACTION | |
| control field | 20170124110258.0 |
| 008 - FIXED-LENGTH DATA ELEMENTS--GENERAL INFORMATION | |
| fixed length control field | 161126b xxu||||| |||| 00| 0 eng d |
| 010 ## - LIBRARY OF CONGRESS CONTROL NUMBER | |
| LC control number | B-167381 |
| 020 ## - INTERNATIONAL STANDARD BOOK NUMBER | |
| International Standard Book Number | 8180691802 |
| Terms of availability | 3000.00 (set) |
| 035 ## - SYSTEM CONTROL NUMBER | |
| System control number | B-167381 |
| 037 ## - SOURCE OF ACQUISITION | |
| Stock number | Cen Lib/Ret |
| 040 ## - CATALOGING SOURCE | |
| Original cataloging agency | DPL |
| Language of cataloging | EN |
| Transcribing agency | TIT |
| 082 ## - DEWEY DECIMAL CLASSIFICATION NUMBER | |
| Classification number | 323.0954 |
| Item number | HUM |
| 245 ## - TITLE STATEMENT | |
| Title | Human rights and poverty in India : theoretical issues and empirical evidences / |
| Statement of responsibility, etc | edited by S. N. Chaudhary |
| 260 ## - PUBLICATION, DISTRIBUTION, ETC. (IMPRINT) | |
| Place of publication, distribution, etc | New Delhi |
| Name of publisher, distributor, etc | Concept Publishing Co |
| Date of publication, distribution, etc | 2005 |
| 270 ## - ADDRESS | |
| Address | A/15-16, Commercial Block, Mohan Garden |
| City | New Delhi |
| Postal code | 110059 |
| 300 ## - PHYSICAL DESCRIPTION | |
| Extent | 5 v. (v 1. 245 ; v 2. 271; v 3. 242 ; v 4. 297 ; v 5. 254p) |
| Other physical details | 22cm. |
| 650 ## - SUBJECT ADDED ENTRY--TOPICAL TERM | |
| Topical term or geographic name as entry element | Human rights -- India -- Congresses |
| 650 ## - SUBJECT ADDED ENTRY--TOPICAL TERM | |
| Topical term or geographic name as entry element | Human rights -- Congresses. |
| 700 ## - ADDED ENTRY--PERSONAL NAME | |
| Personal name | Chaudhary, S. N. |
| 942 ## - ADDED ENTRY ELEMENTS (KOHA) | |
| Source of classification or shelving scheme | Dewey Decimal Classification |
| Koha item type | English Books |
| Classification part | 323.0954 |
| Call number suffix | HUM |
| Withdrawn status | Lost status | Source of classification or shelving scheme | Materials specified (bound volume or other part) | Damaged status | Not for loan | Collection code | Home library | Current library | Date acquired | Source of acquisition | Cost, normal purchase price | Total Checkouts | Full call number | Barcode | Date last seen | Copy number | Cost, replacement price | Price effective from | Koha item type |
|---|---|---|---|---|---|---|---|---|---|---|---|---|---|---|---|---|---|---|---|
| Dewey Decimal Classification | v.1 | Not For Loan | Reference | Central Library | Central Library | 26/02/2016 | Cen Lib/Ret | 3000.00 | 323.0954 HUM | B-167381 | 26/02/2016 | 1 | 3000.00 | 26/02/2016 | English Books | ||||
| Dewey Decimal Classification | v.2 | Not For Loan | Reference | Central Library | Central Library | 26/02/2016 | Cen Lib/Ret | 3000.00 | 323.0954 HUM | B-167384 | 26/02/2016 | 2 | 3000.00 | 26/02/2016 | English Books | ||||
| Dewey Decimal Classification | v.3 | Not For Loan | Reference | Central Library | Central Library | 26/02/2016 | Cen Lib/Ret | 3000.00 | 323.0954 HUM | B-167387 | 26/02/2016 | 3 | 3000.00 | 26/02/2016 | English Books | ||||
| Dewey Decimal Classification | v.4 | Not For Loan | Reference | Central Library | Central Library | 26/02/2016 | Cen Lib/Ret | 3000.00 | 323.0954 HUM | B-167390 | 26/02/2016 | 4 | 3000.00 | 26/02/2016 | English Books | ||||
| Dewey Decimal Classification | v 5 | Not For Loan | Reference | Central Library | Central Library | 11/03/2016 | Cen Lib/Ret | 3000.00 | 323.0954 HUM | B-167393 | 11/03/2016 | 1 | 3000.00 | 27/07/2016 | English Books |
